[Event "Titled Tuesday intern op 19th Dec Early"]
[Site "Chess.com INT"]
[Date "2023.12.19"]
[Round "4"]
[White "Loutragotis, Dimitrios"]
[Black "Postny, Evgeny"]
[Result "0-1"]
[WhiteElo "2329"]
[BlackElo "2580"]
[PlyCount "116"]
[EventDate "2023.12.19"]
[EventType "swiss (blitz)"]
[EventRounds "11"]
[EventCountry "USA"]
[SourceTitle "CB52_2023"]
[SourceDate "2023.12.27"]
[SourceVersion "1"]
[SourceVersionDate "2023.12.27"]
[SourceQuality "1"]

1. e4 c5 2. Nf3 Nc6 3. d4 cxd4 4. Nxd4 Nf6 5. Nc3 Rb8 6. Bc4 e6 7. Bb3 d6 8. 0-0 Be7 9. Be3 a6 10. f4 Qc7 11. f5 Nxd4 12. Qxd4 0-0 13. fxe6 fxe6 14. Kh1 b5 15. Rad1 Kh8 16. a3 Bd7 17. Ne2 Ng4 18. Bg1 Rxf1 19. Rxf1 Bf6 20. Qd3 Bxb2 21. Nf4 Be5 22. Nxe6 Bxe6 23. Bxe6 Nf6 24. Bb3 Rc8 25. a4 Qc6 26. axb5 axb5 27. Bd5 Nxd5 28. exd5 Qc4 29. Qxc4 bxc4 30. Rb1 h6 31. g3 Ra8 32. Kg2 Ra2 33. Rc1 Kh7 34. Kf3 Bb2 35. Rd1 Bf6 36. Rd2 c3 37. Re2 Ra5 38. Ke4 Kg6 39. Re3 Ra4+ 40. Kf3 Rc4 41. Rd3 h5 42. h4 Kf5 43. Be3 Ra4 44. Bf4 Ra2 45. Bxd6 Rxc2 46. Bb4 Rb2 47. Bxc3 Rb3 48. d6 Rxc3 49. Rxc3 Bxc3 50. d7 Bf6 51. Ke3 Kg4 52. Kf2 Bd8 53. Kg2 Bc7 54. Kf1 Kxg3 55. Ke2 Bd8 56. Kd3 Kxh4 57. Ke4 Kg5 58. Kd5 Kf6 0-1

[Event "Titled Tuesday intern op 19th Dec Early"]
[Site "Chess.com INT"]
[Date "2023.12.19"]
[Round "3"]
[White "Marinakis, Hristos"]
[Black "Loutragotis, Dimitrios"]
[Result "0-1"]
[WhiteElo "2130"]
[BlackElo "2329"]
[PlyCount "56"]
[EventDate "2023.12.19"]
[EventType "swiss (blitz)"]
[EventRounds "11"]
[EventCountry "USA"]
[SourceTitle "CB52_2023"]
[SourceDate "2023.12.27"]
[SourceVersion "1"]
[SourceVersionDate "2023.12.27"]
[SourceQuality "1"]

1. e4 e6 2. d4 d5 3. e5 c5 4. c3 Nc6 5. Nf3 Bd7 6. Be2 Nge7 7. Na3 Ng6 8. Nc2 Be7 9. 0-0 0-0 10. Be3 cxd4 11. cxd4 Rc8 12. g3 Nb4 13. Nxb4 Bxb4 14. h4 Ne7 15. Bd3 Nf5 16. Bd2 Qb6 17. a3 Be7 18. Bg5 Bxg5 19. Nxg5 h6 20. Nf3 Bb5 21. Rb1 Bxd3 22. Qxd3 Rc6 23. g4 Ne7 24. a4 Rfc8 25. b3 Rc3 26. Qd1 Ng6 27. h5 Nf4 28. Ne1 Qxd4 0-1

[Event "Kavala op 32nd"]
[Site "Kavala"]
[Date "2023.08.04"]
[Round "9"]
[White "Zia, Tahsin Tajwar"]
[Black "Loutragotis, Dimitrios"]
[Result "1-0"]
[WhiteElo "2305"]
[BlackElo "2249"]
[PlyCount "79"]
[EventDate "2023.07.28"]
[EventType "swiss"]
[EventRounds "9"]
[EventCountry "GRE"]
[SourceTitle "CBM 215 Extra"]
[Source "ChessBase"]
[SourceDate "2023.09.30"]
[SourceVersion "1"]
[SourceVersionDate "2023.09.30"]
[SourceQuality "1"]

1. Nf3 Nf6 2. g3 g6 3. b3 Bg7 4. Bb2 0-0 5. Bg2 d6 6. d4 c6 7. 0-0 Bf5 8. Nbd2 Ne4 9. Nh4 Nxd2 10. Qxd2 Be6 11. e4 d5 12. e5 Na6 13. f4 Qd7 14. Rf2 f6 15. exf6 Bxf6 16. Nf3 Bh3 17. Re1 Bxg2 18. Kxg2 Nc7 19. Ne5 Bxe5 20. Rxe5 Nb5 21. Rfe2 Rf7 22. c4 Nd6 23. cxd5 cxd5 24. Qa5 e6 25. Rxe6 Ne4 26. R2xe4 dxe4 27. d5 Rc8 28. Qd2 Qb5 29. Rxe4 Rd7 30. d6 Qc5 31. Qe1 Qc6 32. Kh3 Rxd6 33. Re7 Rd7 34. Re6 Qd5 35. Re8+ Kf7 36. Rxc8 Qf5+ 37. Kg2 Re7 38. Qc3 Qe4+ 39. Kg1 Qb1+ 40. Kf2 1-0

[Event "Kavala op 32nd"]
[Site "Kavala"]
[Date "2023.08.03"]
[Round "8"]
[White "Koutlas, Nikolaos"]
[Black "Loutragotis, Dimitrios"]
[Result "0-1"]
[WhiteElo "2332"]
[BlackElo "2249"]
[PlyCount "92"]
[EventDate "2023.07.28"]
[EventType "swiss"]
[EventRounds "9"]
[EventCountry "GRE"]
[SourceTitle "CBM 215 Extra"]
[Source "ChessBase"]
[SourceDate "2023.09.30"]
[SourceVersion "1"]
[SourceVersionDate "2023.09.30"]
[SourceQuality "1"]

1. c4 Nf6 2. Nf3 g6 3. b4 a5 4. b5 Bg7 5. Bb2 0-0 6. e3 d6 7. d4 Nbd7 8. Be2 e5 9. Nc3 Re8 10. h3 exd4 11. Nxd4 Nb6 12. 0-0 Nfd7 13. Na4 Nxa4 14. Qxa4 Nc5 15. Qc2 Qf6 16. Rab1 Qg5 17. Kh2 Bxd4 18. Bxd4 Bf5 19. Qb2 Bxb1 20. f4 Qe7 21. Rxb1 Ne4 22. Bf3 a4 23. Rd1 a3 24. Qc2 h6 25. Ba1 Kh7 26. Rd4 Nc5 27. Bd5 f5 28. e4 fxe4 29. Qc3 Qf6 30. Qc1 Qf8 31. Qe3 Re7 32. Rd1 Rc8 33. b6 c6 34. Bg8+ Kxg8 35. Rxd6 Re6 36. Rd2 Kh7 37. f5 gxf5 38. Qf4 Nd3 39. Qh4 Qd6+ 40. Kh1 Rg8 41. Qh5 Qf8 42. Qe2 Qf7 43. h4 Reg6 44. Qh5 Nf4 45. Qd1 Rxg2 46. Rxg2 Nxg2 0-1

[Event "Kavala op 32nd"]
[Site "Kavala"]
[Date "2023.07.30"]
[Round "4"]
[White "Koelle, Tobias"]
[Black "Loutragotis, Dimitrios"]
[Result "1/2-1/2"]
[WhiteElo "2438"]
[BlackElo "2249"]
[PlyCount "94"]
[EventDate "2023.07.28"]
[EventType "swiss"]
[EventRounds "9"]
[EventCountry "GRE"]
[SourceTitle "CBM 215 Extra"]
[Source "ChessBase"]
[SourceDate "2023.09.30"]
[SourceVersion "1"]
[SourceVersionDate "2023.09.30"]
[SourceQuality "1"]

1. d4 Nf6 2. Nf3 g6 3. c4 Bg7 4. Nc3 0-0 5. e4 d6 6. Bd3 Bg4 7. Be2 e5 8. d5 a5 9. Be3 Na6 10. Nd2 Bd7 11. g4 Ne8 12. h4 Nc5 13. h5 Bf6 14. Nf1 Bg5 15. Qd2 Bxe3 16. Qxe3 Qf6 17. Qh3 g5 18. h6 Qf4 19. Qg2 a4 20. Rh3 Qf6 21. Qg3 Qd8 22. Qe3 f6 23. Qd2 c6 24. Ne3 Qa5 25. f3 Rf7 26. Rh1 Nc7 27. Nb1 Qb6 28. Na3 N5a6 29. Kf2 c5 30. Rhb1 Nb4 31. Kg2 Qa5 32. Rd1 Rff8 33. Nb1 Qb6 34. Rc1 Ra5 35. Bd1 Rfa8 36. a3 Nba6 37. Nc3 Ne8 38. Rcb1 Nac7 39. b4 axb3 40. Rxb3 Qa6 41. Qb2 Bc8 42. Be2 Qa7 43. Nf5 Kf8 44. Bd3 Rb8 45. Rb1 Ra8 46. Ra1 Rb8 47. Rb1 Ra8 1/2-1/2

[Event "GRE-chT 49th"]
[Site "Thessaloniki"]
[Date "2022.08.15"]
[Round "5.9"]
[White "Loutragotis, Dimitrios"]
[Black "Gumularz, Szymon"]
[Result "0-1"]
[WhiteElo "2261"]
[BlackElo "2515"]
[PlyCount "110"]
[EventDate "2022.08.12"]
[EventType "team-swiss"]
[EventRounds "7"]
[EventCountry "GRE"]
[SourceTitle "CBM 209 Extra"]
[Source "ChessBase"]
[SourceDate "2022.09.30"]
[SourceVersion "1"]
[SourceVersionDate "2022.09.30"]
[SourceQuality "1"]
[WhiteTeam "Zeenon Glyfathas"]
[BlackTeam "Thessaloniki Aris"]
[WhiteTeamCountry "GRE"]
[BlackTeamCountry "GRE"]

1. e4 e5 2. Nf3 d6 3. d4 exd4 4. Nxd4 Nf6 5. Nc3 Be7 6. g3 0-0 7. Bg2 Re8 8. 0-0 Bf8 9. h3 Nbd7 10. Re1 c6 11. Bf4 Ne5 12. a4 Bd7 13. b3 a6 14. a5 Qc7 15. Qd2 Rad8 16. Bg5 Be7 17. f4 Ng6 18. Nf5 Bxf5 19. exf5 Nf8 20. Re2 d5 21. Rae1 Bc5+ 22. Kh2 Rxe2 23. Nxe2 N8d7 24. Nc1 Bd6 25. Nd3 Re8 26. Nf2 h6 27. Bxf6 Nxf6 28. Ng4 Nxg4+ 29. hxg4 Rxe1 30. Qxe1 Qd8 31. Qd2 Qe7 32. c3 Bc5 33. b4 Qe3 34. Qc2 Be7 35. Bf1 Kf8 36. Bg2 Bf6 37. c4 dxc4 38. Qxc4 Qd4 39. Qb3 Qc3 40. Qd1 Qd4 41. Qb3 Kg8 42. Kh3 Qc3 43. Qb1 Bd4 44. Qe4 Qe3 45. Qc2 Bc3 46. Qb3 Bd2 47. Qd1 Bxb4 48. Qd8+ Kh7 49. g5 Be1 50. g6+ fxg6 51. fxg6+ Kxg6 52. Qd6+ Kh7 53. f5 Qg5 54. Kh2 Bxa5 55. Be4 Qd2+ 0-1

[Event "GRE-chT 49th"]
[Site "Thessaloniki"]
[Date "2022.08.14"]
[Round "4.7"]
[White "Janik, Igor"]
[Black "Loutragotis, Dimitrios"]
[Result "1/2-1/2"]
[WhiteElo "2523"]
[BlackElo "2261"]
[PlyCount "214"]
[EventDate "2022.08.12"]
[EventType "team-swiss"]
[EventRounds "7"]
[EventCountry "GRE"]
[SourceTitle "CBM 209 Extra"]
[Source "ChessBase"]
[SourceDate "2022.09.30"]
[SourceVersion "1"]
[SourceVersionDate "2022.09.30"]
[SourceQuality "1"]
[WhiteTeam "Neapolis Sykeon"]
[BlackTeam "Zeenon Glyfathas"]
[WhiteTeamCountry "GRE"]
[BlackTeamCountry "GRE"]

1. d4 d5 2. Bf4 Nf6 3. e3 e6 4. Nf3 Bd6 5. Bg3 0-0 6. c4 c5 7. Nc3 Nc6 8. Rc1 cxd4 9. Nxd4 e5 10. Ndb5 Bb4 11. cxd5 Nxd5 12. Bd3 Be6 13. 0-0 Nxc3 14. Nxc3 f5 15. Qe2 Qf6 16. Bc4 Bxc3 17. Rxc3 Rad8 18. Rfc1 Rd6 19. f3 Rfd8 20. Be1 Bxc4 21. Rxc4 Qe6 22. b4 a6 23. a4 Rd5 24. h3 h6 25. Kh2 Kh8 26. R4c2 e4 27. f4 Qd6 28. Rc4 Rd1 29. b5 axb5 30. axb5 Rxc1 31. Rxc1 Nb4 32. Bxb4 Qxb4 33. Rc7 Qd2 34. Qxd2 Rxd2 35. Rxb7 Re2 36. Rf7 Rxe3 37. Rxf5 Rb3 38. Re5 Kg8 39. h4 Kf7 40. h5 Kf6 41. g3 Rb2+ 42. Kh3 e3 43. Kg4 e2 44. b6 Rxb6 45. Rxe2 Ra6 46. Rb2 Rc6 47. Rb5 Ra6 48. Rf5+ Ke7 49. Re5+ Kf6 50. Kf3 Ra3+ 51. Re3 Ra4 52. g4 Rb4 53. Rd3 Rb6 54. Rd4 Ra6 55. Rb4 Rc6 56. Ke3 Ra6 57. Ke4 Rc6 58. Kd5 Ra6 59. Rc4 Ra1 60. Rc6+ Kf7 61. Ke5 Ra5+ 62. Kd4 Ra4+ 63. Rc4 Ra1 64. Ke4 Ra5 65. Rc7+ Kf6 66. Rc6+ Kf7 67. Rd6 Ra4+ 68. Ke5 Ke7 69. Rd5 Ra6 70. f5 Ra7 71. Rb5 Kf7 72. Rb6 Ra5+ 73. Kf4 Ra4+ 74. Kf3 Ra3+ 75. Ke2 Ra2+ 76. Ke3 Ra3+ 77. Kd2 Ra2+ 78. Kc3 Rf2 79. Kd3 Rf1 80. Ke3 Ra1 81. Rd6 Rf1 82. Ra6 Rb1 83. Kf3 Rb3+ 84. Kf4 Rb4+ 85. Kg3 Rb3+ 86. Kh4 Rb1 87. Ra7+ Kf6 88. Rc7 Ra1 89. Kg3 Ra3+ 90. Kh4 Rb3 91. Rd7 Ra3 92. Rd6+ Kf7 93. Rg6 Rf3 94. Ra6 Rb3 95. Ra2 Rc3 96. Rg2 Kf6 97. Rg3 Rc1 98. Ra3 Rg1 99. Kh3 Rb1 100. Ra6+ Kf7 101. Rd6 Rg1 102. Rg6 Rf1 103. Kg2 Rf4 104. Kg3 Rf1 105. Ra6 Rb1 106. Ra4 Kf6 107. Kf4 Rf1+ 1/2-1/2

[Event "GRE-chT 49th"]
[Site "Thessaloniki"]
[Date "2022.08.12"]
[Round "1.8"]
[White "Kantor, Gergely"]
[Black "Loutragotis, Dimitrios"]
[Result "1/2-1/2"]
[WhiteElo "2582"]
[BlackElo "2261"]
[PlyCount "97"]
[EventDate "2022.08.12"]
[EventType "team-swiss"]
[EventRounds "7"]
[EventCountry "GRE"]
[SourceTitle "CBM 209 Extra"]
[Source "ChessBase"]
[SourceDate "2022.09.30"]
[SourceVersion "1"]
[SourceVersionDate "2022.09.30"]
[SourceQuality "1"]
[WhiteTeam "Piraikos"]
[BlackTeam "Zeenon Glyfathas"]
[WhiteTeamCountry "GRE"]
[BlackTeamCountry "GRE"]

1. d4 d5 2. c4 e6 3. Nc3 c5 4. cxd5 exd5 5. Nf3 Nf6 6. Bg5 Be6 7. e3 c4 8. Be2 Bb4 9. 0-0 Bxc3 10. bxc3 0-0 11. Rb1 Nbd7 12. Qc2 Qa5 13. Bxf6 Nxf6 14. Rxb7 Ne4 15. Rb4 Qa3 16. Bxc4 Qxc3 17. Qxc3 Nxc3 18. Rc1 a5 19. Rb7 dxc4 20. Rxc3 Rab8 21. Rxb8 Rxb8 22. h3 Bd5 23. Nd2 f5 24. f3 Rb2 25. Nxc4 Bxc4 26. Rxc4 Rxa2 27. Rc5 g6 28. Kh2 Ra3 29. Re5 Kf7 30. Kg3 Kf6 31. f4 a4 32. Kf3 Ra1 33. Ra5 a3 34. Ra6+ Ke7 35. Kg3 a2 36. Kh4 h6 37. d5 Kd7 38. Kg3 Ke7 39. Kh2 Kd7 40. g4 Ke7 41. Kg2 Kd7 42. g5 h5 43. h4 Ke7 44. Kh2 Kd7 45. Kg2 Ke7 46. Kh2 Kd7 47. Kg2 Ke7 48. Kh2 Kd7 49. Kg2 1/2-1/2

[Event "GRE-chT 48th"]
[Site "Athens"]
[Date "2021.09.08"]
[Round "3.1"]
[White "Hristodoulou, Panagiotis"]
[Black "Loutragotis, Dimitrios"]
[Result "0-1"]
[WhiteElo "2291"]
[BlackElo "2233"]
[PlyCount "44"]
[EventDate "2021.09.07"]
[EventType "team-swiss"]
[EventRounds "7"]
[EventCountry "GRE"]
[SourceTitle "CBM 204 Extra"]
[Source "ChessBase"]
[SourceDate "2021.11.30"]
[SourceVersion "1"]
[SourceVersionDate "2021.11.30"]
[SourceQuality "1"]
[WhiteTeam "OFI"]
[BlackTeam "Zeenon Glyfathas"]
[WhiteTeamCountry "GRE"]
[BlackTeamCountry "GRE"]

1. e4 c5 2. Nf3 g6 3. d4 cxd4 4. Nxd4 Nc6 5. Nc3 Bg7 6. Be3 d6 7. Qd2 Nf6 8. f3 0-0 9. 0-0-0 Nxd4 10. Bxd4 Be6 11. Kb1 Qc7 12. g4 Rfc8 13. h4 Qa5 14. Qg5 b5 15. Qxb5 Qc7 16. Ka1 Rab8 17. Qa6 Rb4 18. g5 Rxd4 19. Rxd4 Ng4 20. Rd3 Nf2 21. Rh2 Nxd3 22. Qxd3 Qa5 0-1

[Event "GRE-chT 48th"]
[Site "Athens"]
[Date "2021.09.08"]
[Round "2.2"]
[White "Loutragotis, Dimitrios"]
[Black "Boviatsis, Charalampos"]
[Result "1-0"]
[WhiteElo "2233"]
[BlackElo "1981"]
[PlyCount "73"]
[EventDate "2021.09.07"]
[EventType "team-swiss"]
[EventRounds "7"]
[EventCountry "GRE"]
[SourceTitle "CBM 204 Extra"]
[Source "ChessBase"]
[SourceDate "2021.11.30"]
[SourceVersion "1"]
[SourceVersionDate "2021.11.30"]
[SourceQuality "1"]
[WhiteTeam "Zeenon Glyfathas"]
[BlackTeam "Panellinios GS"]
[WhiteTeamCountry "GRE"]
[BlackTeamCountry "GRE"]

1. e4 d6 2. d4 Nf6 3. Nc3 g6 4. f4 Bg7 5. Nf3 0-0 6. Bd3 Na6 7. e5 dxe5 8. fxe5 Nd5 9. Nxd5 Qxd5 10. c3 c5 11. c4 Qd8 12. d5 b5 13. 0-0 Nb4 14. b3 a5 15. Be4 a4 16. Be3 Qb6 17. a3 Na6 18. b4 Bd7 19. Rc1 Rac8 20. cxb5 Qxb5 21. Bd3 c4 22. Be2 Rfd8 23. Qd4 Be6 24. Bxc4 Rxc4 25. Qxc4 Qxc4 26. Rxc4 Bxd5 27. Rd1 e6 28. Bf4 Rb8 29. Rc3 h6 30. Nd4 Rb7 31. Rdc1 g5 32. Bg3 h5 33. h3 h4 34. Bh2 f6 35. b5 Nb8 36. Rc8+ Kh7 37. R1c7 1-0

[Event "GRE-chT 48th"]
[Site "Athens"]
[Date "2021.09.07"]
[Round "1.7"]
[White "Lentzos, Ioanis"]
[Black "Loutragotis, Dimitrios"]
[Result "1/2-1/2"]
[WhiteElo "2076"]
[BlackElo "2233"]
[PlyCount "97"]
[EventDate "2021.09.07"]
[EventType "team-swiss"]
[EventRounds "7"]
[EventCountry "GRE"]
[SourceTitle "CBM 204 Extra"]
[Source "ChessBase"]
[SourceDate "2021.11.30"]
[SourceVersion "1"]
[SourceVersionDate "2021.11.30"]
[SourceQuality "1"]
[WhiteTeam "Keefysyas"]
[BlackTeam "Zeenon Glyfathas"]
[WhiteTeamCountry "GRE"]
[BlackTeamCountry "GRE"]

1. c4 Nf6 2. Nc3 g6 3. e4 d6 4. d4 Bg7 5. Nf3 0-0 6. Be2 Na6 7. 0-0 e5 8. Be3 exd4 9. Nxd4 Re8 10. f3 c6 11. Nc2 Nc7 12. Qd2 d5 13. Rad1 Be6 14. cxd5 cxd5 15. e5 Nd7 16. f4 f6 17. exf6 Nxf6 18. Bd4 Bf5 19. Ne3 Ne4 20. Nxe4 Bxd4 21. Qxd4 Rxe4 22. Qd2 Ne6 23. Nxf5 gxf5 24. Bf3 Rd4 25. Qe3 Qb6 26. Rxd4 Qxd4 27. Qxd4 Nxd4 28. Bxd5+ Kg7 29. Rd1 Ne2+ 30. Kf2 Nxf4 31. Bxb7 Rb8 32. Rd7+ Kg6 33. b3 Nd3+ 34. Rxd3 Rxb7 35. Rd6+ Kg5 36. Ra6 Rc7 37. Ke3 h5 38. b4 h4 39. b5 Re7+ 40. Kf3 Rc7 41. Ke3 Re7+ 42. Kd4 h3 43. gxh3 f4 44. Ra3 Kf5 45. Kd5 Re5+ 46. Kc6 Re6+ 47. Kd5 Re5+ 48. Kc6 Re6+ 49. Kd5 1/2-1/2

[Event "Ef Agonizesthai rapid op 9th"]
[Site "Pyrgos"]
[Date "2019.08.18"]
[Round "8.1"]
[White "Loutragotis, Dimitrios"]
[Black "Perifanis, Georgios"]
[Result "1-0"]
[WhiteElo "2055"]
[BlackElo "2092"]
[PlyCount "47"]
[EventDate "2019.08.16"]
[EventType "swiss (rapid)"]
[EventRounds "9"]
[EventCountry "GRE"]
[SourceTitle "EXT 2020"]
[Source "ChessBase"]
[SourceDate "2019.10.17"]
[SourceVersion "1"]
[SourceVersionDate "2019.10.17"]
[SourceQuality "1"]

1. e4 e5 2. Nf3 Nc6 3. Bc4 Bc5 4. c3 Nf6 5. d3 d6 6. Bb3 0-0 7. Nbd2 Bg4 8. h3 Bh5 9. Nf1 d5 10. Qe2 dxe4 11. dxe4 Na5 12. Bc2 Qd6 13. Ng3 Bg6 14. b4 Bxb4 15. cxb4 Qxb4+ 16. Qd2 Qc5 17. 0-0 Rfd8 18. Qe2 Nc4 19. Bg5 Nd6 20. Rac1 h6 21. Bb3 Qa5 22. Bxf6 gxf6 23. Nh4 c6 24. Nxg6 1-0

[Event "Ef Agonizesthai rapid op 9th"]
[Site "Pyrgos"]
[Date "2019.08.18"]
[Round "7.1"]
[White "Tzotzolis, Halalambos"]
[Black "Loutragotis, Dimitrios"]
[Result "0-1"]
[WhiteElo "2021"]
[BlackElo "2055"]
[PlyCount "98"]
[EventDate "2019.08.16"]
[EventType "swiss (rapid)"]
[EventRounds "9"]
[EventCountry "GRE"]
[SourceTitle "EXT 2020"]
[Source "ChessBase"]
[SourceDate "2019.10.17"]
[SourceVersion "1"]
[SourceVersionDate "2019.10.17"]
[SourceQuality "1"]

1. d4 Nf6 2. c4 g6 3. Nc3 Bg7 4. e4 d6 5. Nf3 0-0 6. Be2 Na6 7. Nd2 Nd7 8. d5 c5 9. h4 h6 10. h5 g5 11. Nf1 Nc7 12. Ng3 Ne5 13. Be3 a6 14. Qd2 b5 15. f4 gxf4 16. Bxf4 Kh7 17. Nf5 Bxf5 18. exf5 bxc4 19. g4 Nb5 20. Nxb5 axb5 21. Bxh6 Bxh6 22. g5 Bxg5 23. Qxg5 Rg8 24. Qe3 f6 25. Kd2 Rg5 26. Rag1 Qa5+ 27. Kc1 c3 28. Qxc3 Qxc3+ 29. bxc3 Rxg1+ 30. Rxg1 Rxa2 31. Re1 c4 32. Kb1 Rd2 33. Kc1 Rxd5 34. Kc2 Rc5 35. Ra1 Rc7 36. Ra5 Rb7 37. Ra8 Kg7 38. Kd2 b4 39. cxb4 Rxb4 40. Kc2 Rb7 41. Ra1 d5 42. Ra4 d4 43. Bxc4 Rc7 44. Kb3 Nxc4 45. Rxc4 Rxc4 46. Kxc4 Kh6 47. Kxd4 Kxh5 48. Kd5 Kg5 49. Ke6 Kg4 0-1

[Event "Ef Agonizesthai rapid op 9th"]
[Site "Pyrgos"]
[Date "2019.08.16"]
[Round "3.4"]
[White "Agriopoulos, Konstantinos"]
[Black "Loutragotis, Dimitrios"]
[Result "0-1"]
[WhiteElo "1779"]
[BlackElo "2055"]
[PlyCount "76"]
[EventDate "2019.08.16"]
[EventType "swiss (rapid)"]
[EventRounds "9"]
[EventCountry "GRE"]
[SourceTitle "EXT 2020"]
[Source "ChessBase"]
[SourceDate "2019.10.17"]
[SourceVersion "1"]
[SourceVersionDate "2019.10.17"]
[SourceQuality "1"]

1. e4 c5 2. Nf3 g6 3. d4 cxd4 4. Nxd4 Nc6 5. c4 Nf6 6. Nc3 d6 7. Be3 Ng4 8. Bg5 Qb6 9. Nd5 Qxd4 10. Qxd4 Nxd4 11. Nc7+ Kd8 12. Nxa8 Nc2+ 13. Kd2 Nxa1 14. f3 Bh6 15. Bxh6 Nxh6 16. g4 f6 17. Bd3 b6 18. Rxa1 Bb7 19. Nxb6 axb6 20. h4 Nf7 21. Kc3 Ne5 22. Be2 g5 23. Rh1 Ke8 24. h5 Kd7 25. b3 Rc8 26. Kd4 e6 27. Rd1 Ke7 28. Rd2 d5 29. exd5 exd5 30. cxd5 Bxd5 31. Ke3 Bxf3 32. Bxf3 Rc3+ 33. Kd4 Rxf3 34. Rc2 Kd7 35. Kd5 Nxg4 36. Rd2 Rf4 37. Rd3 f5 38. a4 Re4 0-1

[Event "Kavala op 28th"]
[Site "Kavala"]
[Date "2019.08.06"]
[Round "4"]
[White "Loutragotis, Dimitrios"]
[Black "Velickovski Nejkovic, Maja"]
[Result "1-0"]
[WhiteElo "2294"]
[BlackElo "2142"]
[PlyCount "119"]
[EventDate "2019.08.04"]
[EventType "swiss"]
[EventRounds "9"]
[EventCountry "GRE"]
[SourceTitle "CBM 191 Extra"]
[Source "ChessBase"]
[SourceDate "2019.09.30"]
[SourceVersion "1"]
[SourceVersionDate "2019.09.30"]
[SourceQuality "1"]

1. e4 d6 2. d4 Nf6 3. Nc3 Nbd7 4. Nge2 e5 5. g3 c6 6. Bg2 Be7 7. 0-0 0-0 8. a4 Qc7 9. h3 b6 10. d5 c5 11. g4 a6 12. Ng3 Rd8 13. Nf5 Nf8 14. g5 Ne8 15. h4 f6 16. Ne2 fxg5 17. hxg5 Ng6 18. Ra3 Bd7 19. Rh3 Rdb8 20. Neg3 Qd8 21. Rh5 h6 22. Rxh6 Nf8 23. Rh2 Bxg5 24. Bxg5 Qxg5 25. f4 exf4 26. Rh5 Qf6 27. Rxf4 Ng6 28. Nh6+ gxh6 29. Rxf6 Nxf6 30. Rxh6 Kg7 31. Rh1 Rh8 32. Qd2 Rxh1+ 33. Bxh1 Rg8 34. Bg2 Ne5 35. Qf4 Kf7 36. Nf5 Bxf5 37. Qxf5 Re8 38. Bh3 Ng6 39. Qg5 Nxe4 40. Be6+ Kg7 41. Qg2 Nf6 42. a5 bxa5 43. Qg3 Ne4 44. Qe3 Nf6 45. Qg3 Ne4 46. Qe3 Nf6 47. Qb3 Ne4 48. Qa4 Nf6 49. Qxa5 Re7 50. Qxa6 Ne8 51. Qd3 Nc7 52. Qc3+ Kh6 53. Qg3 Ne8 54. Bf5 Rg7 55. Qe3+ Nf4+ 56. Kf1 Kg5 57. Qxe8 Kxf5 58. Qf8+ Kg6 59. Qxd6+ Kf5 60. Qf8+ 1-0

[Event "Kavala op 27th"]
[Site "Kavala"]
[Date "2018.08.10"]
[Round "8"]
[White "Gouloutis, Nikolaos"]
[Black "Loutragotis, Dimitrios"]
[Result "1-0"]
[WhiteElo "2391"]
[BlackElo "2169"]
[PlyCount "97"]
[EventDate "2018.08.05"]
[EventType "swiss"]
[EventRounds "9"]
[EventCountry "GRE"]
[SourceTitle "CBM 186 Extra"]
[Source "ChessBase"]
[SourceDate "2018.08.24"]
[SourceVersion "1"]
[SourceVersionDate "2018.08.24"]
[SourceQuality "1"]

1. Nf3 g6 2. g3 Bg7 3. Bg2 d6 4. 0-0 Nd7 5. c4 e5 6. Nc3 Ne7 7. d3 0-0 8. Rb1 f5 9. Qc2 Nf6 10. b4 h6 11. a4 Be6 12. b5 Nh5 13. Ba3 Rb8 14. Rfc1 g5 15. Nd5 Rf7 16. Nd2 Nf6 17. Nb4 g4 18. a5 h5 19. c5 d5 20. a6 Bh6 21. e3 f4 22. exf4 exf4 23. Re1 Bf5 24. Nb3 f3 25. Bf1 b6 26. Nd4 Bd7 27. cxb6 Rxb6 28. Nbc6 Nxc6 29. bxc6 Bc8 30. Rxb6 cxb6 31. Qa4 Ne8 32. Ne6 Bxe6 33. Rxe6 Bg7 34. h3 Nc7 35. Rd6 Qg5 36. Rd7 Be5 37. Bd6 Rxd7 38. Bxe5 Rf7 39. Qd4 Qf5 40. Qe3 Ne6 41. d4 Ng5 42. h4 Nh3+ 43. Kh2 Rf8 44. c7 Qe6 45. Bxh3 gxh3 46. Qg5+ Kf7 47. Qg7+ Ke8 48. Bd6 Rg8 49. c8Q+ 1-0

[Event "GRE-ch U20"]
[Site "Chania"]
[Date "2018.04.13"]
[Round "5"]
[White "Loutragotis, Dimitrios"]
[Black "Alexakis, Georgios"]
[Result "1-0"]
[WhiteElo "2123"]
[BlackElo "2111"]
[PlyCount "73"]
[EventDate "2018.04.10"]
[EventType "swiss"]
[EventRounds "9"]
[EventCountry "GRE"]
[SourceTitle "CBM 184 Extra"]
[Source "ChessBase"]
[SourceDate "2018.06.28"]
[SourceVersion "1"]
[SourceVersionDate "2018.06.28"]
[SourceQuality "1"]
[WhiteTeam "Greece"]
[BlackTeam "Greece"]
[WhiteTeamCountry "GRE"]
[BlackTeamCountry "GRE"]

1. e4 c5 2. Nf3 e6 3. d4 cxd4 4. Nxd4 Nf6 5. Nc3 Nc6 6. Ndb5 Bb4 7. a3 Bxc3+ 8. Nxc3 d5 9. exd5 exd5 10. Bd3 0-0 11. 0-0 d4 12. Ne4 Bf5 13. Bg5 Bxe4 14. Bxe4 h6 15. Bxf6 Qxf6 16. Qd2 Rfd8 17. Rfe1 Rac8 18. Rad1 Rc7 19. Re2 Ne5 20. Rde1 g5 21. Bh7+ Kxh7 22. Rxe5 Qg6 23. R5e4 Qf6 24. Qd3 Kg7 25. h3 a6 26. f4 Rc5 27. fxg5 hxg5 28. Rf1 Qd6 29. h4 f6 30. hxg5 fxg5 31. Qe2 Rf8 32. Rxf8 Qxf8 33. Re7+ Kg6 34. Qe6+ Qf6 35. Qg8+ Kh5 36. Qh7+ Qh6 37. g4+ 1-0

[Event "GRE-ch U20"]
[Site "Chania"]
[Date "2018.04.12"]
[Round "4"]
[White "Tsaknakis, Zisis"]
[Black "Loutragotis, Dimitrios"]
[Result "1/2-1/2"]
[WhiteElo "2166"]
[BlackElo "2123"]
[PlyCount "74"]
[EventDate "2018.04.10"]
[EventType "swiss"]
[EventRounds "9"]
[EventCountry "GRE"]
[SourceTitle "CBM 184 Extra"]
[Source "ChessBase"]
[SourceDate "2018.06.28"]
[SourceVersion "1"]
[SourceVersionDate "2018.06.28"]
[SourceQuality "1"]
[WhiteTeam "Greece"]
[BlackTeam "Greece"]
[WhiteTeamCountry "GRE"]
[BlackTeamCountry "GRE"]

1. Nf3 Nf6 2. g3 d6 3. Bg2 g6 4. d4 Bg7 5. 0-0 0-0 6. a4 a5 7. Nc3 Nbd7 8. e4 e5 9. Re1 Re8 10. h3 h6 11. dxe5 dxe5 12. b3 b6 13. Ba3 Bb7 14. Qd3 Bf8 15. Bxf8 Kxf8 16. Rad1 Kg7 17. Qe3 c6 18. Rd6 Qc7 19. Red1 Re7 20. g4 Ne8 21. Rxd7 Rxd7 22. Rxd7 Qxd7 23. Nxe5 Qc7 24. Nc4 Ba6 25. e5 Bxc4 26. bxc4 Rc8 27. c5 bxc5 28. Qxc5 f6 29. f4 fxe5 30. fxe5 Qd7 31. Ne4 Rd8 32. Kh2 Qe6 33. Qxa5 Rd5 34. Qa7+ Rd7 35. Qc5 Rd5 36. Qa7+ Rd7 37. Qc5 Rd5 1/2-1/2